Tārīk̲h̲-i ishāʻat-i Islām. (Record no. 67506)

MARC details
000 -LEADER
fixed length control field 00696cam a22002651 4500
001 - CONTROL NUMBER
control field sa 66000920
003 - CONTROL NUMBER IDENTIFIER
control field DLC
005 - DATE AND TIME OF LATEST TRANSACTION
control field 20260227112218.0
008 - FIXED-LENGTH DATA ELEMENTS--GENERAL INFORMATION
fixed length control field 890831s1962 pk b 000 0 urdr
010 ## - LIBRARY OF CONGRESS CONTROL NUMBER
LC control number sa 66000920
035 ## - SYSTEM CONTROL NUMBER
System control number (OCoLC)20285756
040 ## - CATALOGING SOURCE
Original cataloging agency DLC
Transcribing agency WaU
Modifying agency DLC
042 ## - AUTHENTICATION CODE
Authentication code premarc
050 00 - LIBRARY OF CONGRESS CALL NUMBER
Classification number BP50
Item number .M8
100 0# - MAIN ENTRY--PERSONAL NAME
Personal name Muḥammad Ismāʼīl Pānīpatī,
Dates associated with a name 1893-
245 10 - TITLE STATEMENT
Title Tārīk̲h̲-i ishāʻat-i Islām.
260 ## - PUBLICATION, DISTRIBUTION, ETC.
Date of publication, distribution, etc. 1962.
300 ## - PHYSICAL DESCRIPTION
Extent 19, 588 p.
Dimensions 25 cm.
500 ## - GENERAL NOTE
General note In Urdu.
500 ## - GENERAL NOTE
General note Text partially vocalized.
504 ## - BIBLIOGRAPHY, ETC. NOTE
Bibliography, etc. note Bibliography : p. 585-588.
650 #0 - SUBJECT ADDED ENTRY--TOPICAL TERM
Topical term or geographic name entry element Islam
General subdivision History.
650 #0 - SUBJECT ADDED ENTRY--TOPICAL TERM
Topical term or geographic name entry element Muslim converts.
740 0# - ADDED ENTRY--UNCONTROLLED RELATED/ANALYTICAL TITLE
Uncontrolled related/analytical title Ishāʻat-i Islām.

No items available.

Powered by Koha